Movies Quiz

Random Movies or Oscar Quiz

Best Picture Winners Slideshow Quiz Stats

 Plays Quiz Updated Oct 15, 2018

Score 0/90 Timer 20:00
5 Plays Today
% Correct
Titanic
94.8%
Gladiator
93.9%
Braveheart
92.7%
The King's Speech
91.7%
Slumdog Millionaire
91.5%
12 Years a Slave
91.5%
Argo
89%
Forrest Gump
88.9%
The Godfather
88.9%
Rocky
88.7%
The Sound of Music
88.7%
Chicago
88.6%
The Silence of the Lambs
87.8%
Rain Man
86.4%
American Beauty
86.2%
Million Dollar Baby
86.2%
Driving Miss Daisy
86%
Birdman
85.2%
A Beautiful Mind
84%
Gandhi
83.7%
Shakespeare In Love
83.3%
The Shape of Water
82.8%
One Flew Over the Cuckoo's Nest
81.9%
Dances With Wolves
81.9%
Schindler's List
81.3%
The Hurt Locker
80.3%
Moonlight
80%
The Lord of the Rings: The Return of the King
79.5%
Amadeus
79%
West Side Story
78.8%
% Correct
Oliver!
78.2%
The Departed
78.1%
Casablanca
77.1%
Platoon
76%
Gone With The Wind
74.8%
Annie Hall
74.6%
Spotlight
73.8%
The Artist
73.3%
Around the World in Eighty Days
72.1%
Patton
71.8%
Chariots of Fire
70.8%
Crash
70.3%
Ben-Hur
69.5%
Kramer vs. Kramer
68.8%
The Deer Hunter
66.6%
The Godfather Part II
65.8%
Unforgiven
63.6%
Lawrence of Arabia
63%
No Country For Old Men
62.9%
The English Patient
62.3%
Midnight Cowboy
61.5%
The Last Emperor
60.5%
On the Waterfront
56.9%
The Bridge on the River Kwai
55.9%
The French Connection
54.7%
Out of Africa
53.7%
The Sting
53.4%
My Fair Lady
52.2%
In the Heat of the Night
50.3%
Terms of Endearment
47.5%
% Correct
From Here to Eternity
46.3%
Ordinary People
45.8%
Mutiny on the Bounty
43.6%
Hamlet
42.2%
The Apartment
40.2%
All About Eve
40%
All Quiet on the Western Front
38.3%
Marty
33.3%
It Happened One Night
32.4%
Wings
32.1%
Gigi
31.4%
An American in Paris
31%
A Man for All Seasons
29%
Tom Jones
26%
The Greatest Show on Earth
24.4%
Rebecca
23.2%
Going My Way
22.7%
All the King's Men
21.5%
The Lost Weekend
21.3%
The Best Years of Our Lives
21.3%
Mrs. Miniver
21.1%
Grand Hotel
19.9%
How Green Was My Valley
19%
Gentleman's Agreement
18.4%
The Life of Emile Zola
18.3%
Cimarron
17.8%
The Broadway Melody
16.1%
You Can't Take It with You
15.8%
The Great Ziegfeld
14.4%
Cavalcade
14.1%

You're not logged in!

Compare scores with friends on all Sporcle quizzes.
OR
Log In

You Might Also Like...

Show Comments

Extras

Top Quizzes Today


Score Distribution

Your Account Isn't Verified!

In order to create a playlist on Sporcle, you need to verify the email address you used during registration. Go to your Sporcle Settings to finish the process.

Report this User

Report this user for behavior that violates our Community Guidelines.

Details: